000 00504cam a2200193 4500
005 20230223163919.0
008 230223s2012 000 0 eng u
020 _a9780117069336
041 0 _aeng
050 0 4 _a692.5
110 2 _aCarillion Services
_93856
245 0 0 _aPSA schedule of rates for decoration work
250 _a9th ed.
260 _aLondon,
_bStationery Office,
_c2012
300 _a67p.
_c30cm.
350 _a105
690 _aBUILT ENVIRONMENT-BUILDING COSTS
942 _n0
_2ddc
999 _c121379
_d121379